00616cam a2200181 a 4500020002800000040000800028082002600036100002300062245005200085250001200137260004800149300003400197650002800231650002700259700002000286856006200306856006600368 a0256255326 (alk. paper) cDLC00a658 IRW 1999 A044 Or.1 aAnthony, Robert N.10aManagement control in nonprofit organizations / a6th ed. aBurr Ridge, IL :bIrwin/McGraw-Hill,c1999. axix, 859 p. :bill. ;c25 cm. 0aNonprofit organizations 0aManagerial accounting.1 aYoung, David W.42uhttp://www.loc.gov/catdir/description/mh023/98007083.html42uhttp://www.loc.gov/catdir/enhancements/fy0707/98007083-b.html